[Event "Bucharest ROM GP"]
[Site "Bucharest"]
[Date "2025.05.11"]
[Round "10"]
[White "Santos Latasa, Jaime"]
[Black "Manolache, Marius"]
[Result "1-0"]
[WhiteElo "2620"]
[BlackElo "2408"]
[PlyCount "99"]
[EventDate "2025.05.10"]
[EventType "swiss"]
[EventRounds "10"]
[EventCountry "ROU"]
[SourceTitle "CB20_2025"]
[SourceDate "2025.05.14"]
[SourceVersion "1"]
[SourceVersionDate "2025.05.14"]
[SourceQuality "1"]

1. e4 d6 2. d4 Nf6 3. Nc3 g6 4. Be3 c6 5. Qd2 b5 6. Bd3 Nbd7 7. Nf3 e5 8. h3 a6 9. a4 Bb7 10. 0-0 Bg7 11. dxe5 dxe5 12. Ne2 0-0 13. Ng3 Qe7 14. c4 b4 15. c5 a5 16. Rac1 Rfd8 17. Qe2 Nf8 18. Bc4 h6 19. Nd2 Bc8 20. Rfd1 Be6 21. Nb3 Rxd1+ 22. Rxd1 h5 23. Qc2 Ne8 24. Nf1 Bxc4 25. Qxc4 Ne6 26. Nfd2 Nd4 27. Bxd4 exd4 28. Qd3 Nc7 29. Nc4 Ne6 30. Ncxa5 Nxc5 31. Nxc6 Qxe4 32. Qxe4 Nxe4 33. a5 Nd6 34. Nbxd4 Ra6 35. Nxb4 Rxa5 36. Ndc6 Rb5 37. Rxd6 Bxb2 38. Rd8+ Kg7 39. Rb8 Rxb8 40. Nxb8 Kf6 41. Nd7+ Kf5 42. Nc5 g5 43. Kf1 Bf6 44. Nd5 Bd4 45. Ne3+ Kg6 46. Nb3 Ba7 47. Ke2 f5 48. f3 h4 49. Kd3 Kf6 50. Nd4 1-0

[Event "Bucharest ROM GP"]
[Site "Bucharest"]
[Date "2025.05.10"]
[Round "4"]
[White "Miroiu, George Catalin"]
[Black "Manolache, Marius"]
[Result "0-1"]
[WhiteElo "2294"]
[BlackElo "2408"]
[PlyCount "62"]
[EventDate "2025.05.10"]
[EventType "swiss"]
[EventRounds "10"]
[EventCountry "ROU"]
[SourceTitle "CB20_2025"]
[SourceDate "2025.05.14"]
[SourceVersion "1"]
[SourceVersionDate "2025.05.14"]
[SourceQuality "1"]

1. d4 Nf6 2. c4 d6 3. Nc3 Bf5 4. f3 e5 5. e4 exd4 6. Qxd4 Nc6 7. Qd1 Be6 8. Nd5 g6 9. Bg5 Bg7 10. Ne2 h6 11. Bh4 g5 12. Bf2 Ne5 13. Nd4 c6 14. Nxe6 fxe6 15. Nc3 0-0 16. Be2 a6 17. a4 Qe7 18. 0-0 Rad8 19. b4 Rf7 20. a5 Nh5 21. g3 Nxc4 22. Bxc4 Bxc3 23. Rc1 Bxb4 24. Bb6 Bc5+ 25. Bxc5 dxc5 26. Qb3 Ng7 27. Qb6 Rd4 28. Ba2 Rd2 29. Bb1 c4 30. Rxc4 Qa3 31. Rd4 Qe3+ 0-1

[Event "Titled Tuesday intern op 18th Mar Late"]
[Site "Chess.com INT"]
[Date "2025.03.18"]
[Round "6"]
[White "Brancaleoni, Maurizio"]
[Black "Manolache, Marius"]
[Result "1-0"]
[WhiteElo "2180"]
[BlackElo "2408"]
[PlyCount "75"]
[EventDate "2025.03.18"]
[EventType "swiss (blitz)"]
[EventRounds "11"]
[EventCountry "USA"]
[SourceTitle "CB13_2025"]
[SourceDate "2025.03.26"]
[SourceVersion "1"]
[SourceVersionDate "2025.03.26"]
[SourceQuality "1"]

1. Nf3 Nf6 2. c4 e6 3. b3 g6 4. Bb2 Bg7 5. g3 0-0 6. Bg2 d5 7. 0-0 c6 8. d3 Nbd7 9. Nbd2 a5 10. Qc2 a4 11. Rab1 b5 12. Nd4 Qb6 13. cxb5 cxb5 14. Qc6 Qxc6 15. Nxc6 Bb7 16. Nb4 Rfc8 17. Rfc1 Bf8 18. Nc2 Ne8 19. b4 Nd6 20. a3 e5 21. Ne3 d4 22. Nd5 h5 23. e3 dxe3 24. fxe3 Bxd5 25. Bxd5 Rab8 26. Bc6 Rd8 27. Bxd7 Rxd7 28. Bxe5 Re8 29. Bxd6 Rxd6 30. Ne4 Rb6 31. Kf2 Bh6 32. Re1 Rbe6 33. h4 Re5 34. Rbc1 Rf5+ 35. Ke2 Bf8 36. Rf1 Rxf1 37. Kxf1 f5 38. Nf6+ 1-0

[Event "Titled Tuesday intern op 18th Mar Late"]
[Site "Chess.com INT"]
[Date "2025.03.18"]
[Round "4"]
[White "Milanovic, Vojislav"]
[Black "Manolache, Marius"]
[Result "0-1"]
[WhiteElo "2293"]
[BlackElo "2408"]
[PlyCount "111"]
[EventDate "2025.03.18"]
[EventType "swiss (blitz)"]
[EventRounds "11"]
[EventCountry "USA"]
[SourceTitle "CB13_2025"]
[SourceDate "2025.03.26"]
[SourceVersion "1"]
[SourceVersionDate "2025.03.26"]
[SourceQuality "1"]

1. e4 c5 2. Nf3 e6 3. d3 Nc6 4. g3 Nf6 5. Bg2 d5 6. Nbd2 Be7 7. 0-0 0-0 8. e5 Nd7 9. Re1 Qc7 10. Qe2 b6 11. Nf1 Bb7 12. Bf4 Rfc8 13. h4 Nf8 14. h5 h6 15. N1h2 Nh7 16. Ng4 Qd8 17. c3 b5 18. Qd2 Ng5 19. Bxg5 Bxg5 20. Nxg5 Qxg5 21. Qxg5 hxg5 22. h6 Ne7 23. hxg7 Kxg7 24. Nf6 Ng8 25. Nh5+ Kf8 26. g4 Ke7 27. a4 b4 28. Bf3 Rab8 29. c4 dxc4 30. Bxb7 Rxb7 31. dxc4 Rd7 32. Re2 Rd4 33. f3 Rxc4 34. Rd1 Rd4 35. Rxd4 cxd4 36. Rd2 Rd8 37. Ng3 f6 38. exf6+ Nxf6 39. Kf2 e5 40. Nf5+ Kd7 41. Ng3 Rc8 42. Ke2 Rc1 43. Kd3 Ke6 44. Rc2 Rxc2 45. Kxc2 Kd5 46. Kd3 Nd7 47. b3 Nc5+ 48. Kc2 e4 49. f4 gxf4 50. Nf5 f3 51. g5 Ke5 52. g6 Ne6 53. g7 Nxg7 54. Nxg7 f2 55. Ne8 f1Q 56. Nc7 0-1

[Event "Titled Tuesday intern op 25th Feb Early"]
[Site "Chess.com INT"]
[Date "2025.02.25"]
[Round "5"]
[White "Chernov, Mikhail"]
[Black "Manolache, Marius"]
[Result "1-0"]
[WhiteElo "2167"]
[BlackElo "2408"]
[PlyCount "97"]
[EventDate "2025.02.25"]
[EventType "swiss (blitz)"]
[EventRounds "11"]
[EventCountry "USA"]
[SourceTitle "CB10_2025"]
[SourceDate "2025.03.05"]
[SourceVersion "1"]
[SourceVersionDate "2025.03.05"]
[SourceQuality "1"]

1. e4 c5 2. c3 Nf6 3. e5 Nd5 4. d4 cxd4 5. cxd4 d6 6. Nf3 Nc6 7. Bc4 e6 8. 0-0 Be7 9. Qe2 a6 10. Nc3 Nxc3 11. bxc3 d5 12. Bd3 Na5 13. g3 Bd7 14. h4 h6 15. Bd2 Rc8 16. Rab1 b5 17. a4 Nc4 18. axb5 Bxb5 19. Be1 Qd7 20. Nd2 Na3 21. Bxb5 axb5 22. Rb3 0-0 23. f4 Nc4 24. g4 Ra8 25. f5 exf5 26. gxf5 f6 27. e6 Qc6 28. Nf3 Nd6 29. Nd2 Ra2 30. Qf3 Rc2 31. Rf2 Rc1 32. Rb1 Rxc3 33. Qg4 Ra8 34. Rg2 Ne8 35. Nf1 Rc1 36. Rxc1 Qxc1 37. Bd2 Qc7 38. Bxh6 Bd6 39. h5 Ra1 40. Bxg7 Nxg7 41. h6 Bf8 42. hxg7 Bxg7 43. Qg6 Ra7 44. Qe8+ Kh7 45. Rh2+ Bh6 46. Qg6+ Kh8 47. Rxh6+ Qh7 48. Rxh7+ Rxh7 49. Qxf6+ 1-0

[Event "Titled Tuesday intern op 25th Feb Early"]
[Site "Chess.com INT"]
[Date "2025.02.25"]
[Round "2"]
[White "Madej, Marek"]
[Black "Manolache, Marius"]
[Result "0-1"]
[WhiteElo "2314"]
[BlackElo "2408"]
[PlyCount "110"]
[EventDate "2025.02.25"]
[EventType "swiss (blitz)"]
[EventRounds "11"]
[EventCountry "USA"]
[SourceTitle "CB10_2025"]
[SourceDate "2025.03.05"]
[SourceVersion "1"]
[SourceVersionDate "2025.03.05"]
[SourceQuality "1"]

1. e4 c5 2. Nf3 e6 3. d4 cxd4 4. Nxd4 Nc6 5. Nc3 Qc7 6. Be2 Nf6 7. 0-0 Bb4 8. Ndb5 Qb8 9. Bg5 a6 10. Nd4 h5 11. a3 Be7 12. Re1 Ng4 13. Bxg4 hxg4 14. Nxc6 Qxh2+ 15. Kf1 Bxg5 16. Qxg4 f6 17. Nd4 Rh4 18. Qf3 Rf4 19. Qd3 Qh1+ 20. Ke2 Qxg2 21. Nf3 b5 22. Rg1 Qxf3+ 23. Qxf3 Rxf3 24. Kxf3 Bb7 25. Ke2 Kf7 26. Rad1 Bc6 27. f3 Bf4 28. Rg4 Be5 29. Rh4 a5 30. Rg1 b4 31. axb4 axb4 32. Nd1 Bb5+ 33. Kd2 Ra1 34. f4 Bd4 35. Rg2 Bc6 36. Rhg4 f5 37. Rg5 Bxe4 38. R2g3 Bf6 39. Rh5 b3 40. cxb3 Rb1 41. Rh2 e5 42. fxe5 Bxe5 43. Rhh3 Bxg3 44. Rxg3 Kf6 45. Rc3 g5 46. Ke2 g4 47. Ne3 Rxb2+ 48. Kf1 Kg5 49. Rc4 Rxb3 50. Kf2 g3+ 51. Ke2 Rb2+ 52. Kf1 d5 53. Rc1 Kf4 54. Nd1 Rh2 55. Kg1 Rh1# 0-1

[Event "Titled Tuesday intern op 25th Feb Early"]
[Site "Chess.com INT"]
[Date "2025.02.25"]
[Round "11"]
[White "Manolache, Marius"]
[Black "Antoniou, Rafail"]
[Result "0-1"]
[WhiteElo "2408"]
[BlackElo "2041"]
[PlyCount "114"]
[EventDate "2025.02.25"]
[EventType "swiss (blitz)"]
[EventRounds "11"]
[EventCountry "USA"]
[SourceTitle "CB10_2025"]
[SourceDate "2025.03.05"]
[SourceVersion "1"]
[SourceVersionDate "2025.03.05"]
[SourceQuality "1"]

1. d4 c5 2. d5 b5 3. e4 a6 4. a4 b4 5. Nd2 d6 6. a5 Nf6 7. Bc4 g6 8. h3 Bg7 9. Ngf3 0-0 10. 0-0 Re8 11. Re1 e6 12. dxe6 Bxe6 13. e5 dxe5 14. Nxe5 Bxc4 15. Ndxc4 Nbd7 16. Bf4 Nxe5 17. Bxe5 Qxd1 18. Raxd1 Rad8 19. g4 h6 20. Kf1 g5 21. Bc7 Rxd1 22. Rxd1 Ne4 23. Rd3 Re6 24. Kg2 Bd4 25. f3 Nf6 26. c3 bxc3 27. bxc3 Bxc3 28. Rxc3 Nd5 29. Rb3 Nxc7 30. Rb6 Nd5 31. Rb8+ Kg7 32. Rc8 Re2+ 33. Kf1 Rc2 34. Nd6 Ne3+ 35. Kg1 c4 36. Rc6 c3 37. Ne4 Rc1+ 38. Kf2 Nd5 39. Rc5 c2 40. Nd6 Nb4 41. Nf5+ Kf6 42. Ne3 Nd3+ 43. Ke2 Nxc5 44. Kd2 Nb3+ 45. Kc3 Re1 46. Nxc2 Rb1 47. Na3 Rf1 48. Kxb3 Rxf3+ 49. Kb4 Rxh3 50. Nc4 h5 51. gxh5 g4 52. Nb6 g3 53. Nd5+ Ke5 54. Ne3 Rxh5 55. Kc5 Kf4+ 56. Nd5+ Ke4 57. Kb6 Rxd5 0-1

[Event "Titled Tuesday intern op 25th Feb Early"]
[Site "Chess.com INT"]
[Date "2025.02.25"]
[Round "9"]
[White "Manolache, Marius"]
[Black "Carroll, Thomas"]
[Result "1-0"]
[WhiteElo "2408"]
[BlackElo "2130"]
[PlyCount "99"]
[EventDate "2025.02.25"]
[EventType "swiss (blitz)"]
[EventRounds "11"]
[EventCountry "USA"]
[SourceTitle "CB10_2025"]
[SourceDate "2025.03.05"]
[SourceVersion "1"]
[SourceVersionDate "2025.03.05"]
[SourceQuality "1"]

1. d4 e6 2. c4 Bb4+ 3. Bd2 a5 4. g3 d5 5. cxd5 Qxd5 6. Nf3 Nc6 7. Nc3 Qd6 8. a3 Bxc3 9. Bxc3 Nf6 10. Qc2 0-0 11. e4 Qe7 12. Bg2 e5 13. dxe5 Ng4 14. 0-0 Ngxe5 15. Nxe5 Nxe5 16. h3 Rd8 17. Rad1 Bd7 18. f4 Qc5+ 19. Kh2 Ng6 20. Qf2 Qxf2 21. Rxf2 Ba4 22. Rxd8+ Rxd8 23. Bxa5 b6 24. Bc3 Nf8 25. Bd4 Ne6 26. Bc3 Nc5 27. Be5 c6 28. Bc7 Rd3 29. Bxb6 Nd7 30. Ba5 Kf8 31. Rd2 Rxd2 32. Bxd2 Ke7 33. g4 Kd6 34. Bb4+ c5 35. Bc3 f6 36. h4 Nb6 37. e5+ Ke6 38. f5+ Ke7 39. exf6+ gxf6 40. g5 fxg5 41. hxg5 Nc4 42. Kg3 Ne3 43. Be4 Bd7 44. Kf4 Nd1 45. Bf6+ Kf7 46. Bd5+ Kf8 47. g6 hxg6 48. fxg6 c4 49. g7+ Ke8 50. g8Q# 1-0

[Event "Titled Tuesday intern op 04th Feb Late"]
[Site "Chess.com INT"]
[Date "2025.02.04"]
[Round "9"]
[White "Manolache, Marius"]
[Black "Reprintsev, Alexander"]
[Result "0-1"]
[WhiteElo "2408"]
[BlackElo "2232"]
[PlyCount "162"]
[EventDate "2025.02.04"]
[EventType "swiss (blitz)"]
[EventRounds "11"]
[EventCountry "USA"]
[SourceTitle "CB07_2025"]
[SourceDate "2025.02.12"]
[SourceVersion "1"]
[SourceVersionDate "2025.02.12"]
[SourceQuality "1"]

1. d4 d5 2. c4 e5 3. dxe5 d4 4. a3 Nc6 5. Nf3 g6 6. e3 Bg4 7. exd4 Bxf3 8. Qxf3 Nxd4 9. Qd1 Bg7 10. Bd3 Ne7 11. 0-0 0-0 12. Bg5 Ne6 13. Bh4 Qd7 14. Be4 Qxd1 15. Rxd1 g5 16. Bg3 Rad8 17. Nc3 c6 18. h4 h6 19. Ne2 Nc5 20. Bc2 Nd7 21. hxg5 hxg5 22. e6 fxe6 23. Re1 Nb6 24. c5 Nbd5 25. Bd6 Rf7 26. Rab1 Nf5 27. Bh2 Nf6 28. Bb3 Nd5 29. Red1 Rfd7 30. Bc2 Kf7 31. b4 Nf6 32. Rxd7+ Rxd7 33. Rd1 Rxd1+ 34. Bxd1 Nd5 35. Bb3 Bb2 36. Bb8 a6 37. a4 Nxb4 38. g4 Nd4 39. Nxd4 Bxd4 40. Bd6 Nd3 41. Bc4 Nxc5 42. a5 Ne4 43. Bc7 Bxf2+ 44. Kg2 Be1 45. Bd3 Nc5 46. Bc4 Bb4 47. Kf3 Nd7 48. Ke4 Nf6+ 49. Kf3 Nd5 50. Bd8 Be7 51. Bb6 Nxb6 52. axb6 Kf6 53. Ke4 a5 54. Kd3 Bc5 55. Kc3 Bxb6 56. Kb3 Bc7 57. Be2 b5 58. Bd3 a4+ 59. Kb4 Bd6+ 60. Ka5 a3 61. Bb1 Ke5 62. Kb6 b4 63. Ba2 c5 64. Kb5 Kf4 65. Bxe6 a2 66. Bxa2 Kxg4 67. Kc4 Bf8 68. Kd3 Kf3 69. Bd5+ Kf2 70. Be6 Kg3 71. Ke2 Kf4 72. Bc4 Ke4 73. Bf7 Kd4 74. Be6 c4 75. Kd2 b3 76. Kc1 Ba3+ 77. Kb1 Kd3 78. Bf7 g4 79. Be6 g3 80. Bd5 Kd4 81. Bf3 c3 0-1

[Event "Titled Tuesday intern op 04th Feb Late"]
[Site "Chess.com INT"]
[Date "2025.02.04"]
[Round "7"]
[White "Vasli, Aref"]
[Black "Manolache, Marius"]
[Result "1/2-1/2"]
[WhiteElo "2401"]
[BlackElo "2408"]
[PlyCount "151"]
[EventDate "2025.02.04"]
[EventType "swiss (blitz)"]
[EventRounds "11"]
[EventCountry "USA"]
[SourceTitle "CB07_2025"]
[SourceDate "2025.02.12"]
[SourceVersion "1"]
[SourceVersionDate "2025.02.12"]
[SourceQuality "1"]

1. e4 c5 2. Nf3 e6 3. d4 cxd4 4. Nxd4 Nc6 5. Nc3 Qc7 6. g3 d6 7. Bg2 Nf6 8. 0-0 Be7 9. Re1 Nxd4 10. Qxd4 a6 11. a4 0-0 12. h3 h6 13. Be3 Bd7 14. Qb4 Bc6 15. Bb6 Qb8 16. Rad1 Re8 17. Qc4 Nd7 18. Be3 Rc8 19. a5 b5 20. axb6 Nxb6 21. Qb4 Nd7 22. Qa3 Bf8 23. b3 Qb7 24. Qa5 Nf6 25. Bd4 Be7 26. Kh2 Bd8 27. Qa1 e5 28. Be3 Nxe4 29. Nxe4 Bxe4 30. Bxe4 Qxe4 31. c4 Qc6 32. Rd5 Rab8 33. Qa3 Be7 34. Ra1 Qb7 35. Rd3 Rc6 36. Qa4 Qc8 37. Rd5 Bf8 38. Ra5 Qb7 39. Ra3 g6 40. Rxa6 Rxa6 41. Qxa6 Qxa6 42. Rxa6 Rxb3 43. Ra8 Kg7 44. Bxh6+ Kxh6 45. Rxf8 Rc3 46. Rxf7 Rxc4 47. Rd7 Rd4 48. Kg2 Rd3 49. h4 g5 50. hxg5+ Kxg5 51. f4+ exf4 52. gxf4+ Kxf4 53. Kf2 Rd2+ 54. Ke1 Ke3 55. Re7+ Kd3 56. Re6 d5 57. Rd6 Kc3 58. Rc6+ Kd3 59. Rd6 Re2+ 60. Kf1 Re5 61. Rd8 d4 62. Kf2 Kc3 63. Rc8+ Kd2 64. Rd8 d3 65. Rd7 Kc2 66. Rc7+ Kd1 67. Rd7 d2 68. Rd8 Kc2 69. Rc8+ Kd3 70. Rd8+ Kc3 71. Rc8+ Kb2 72. Rd8 Kc1 73. Rc8+ Kd1 74. Rd8 Rf5+ 75. Ke3 Re5+ 76. Kf2 1/2-1/2

[Event "Alba Iulia Final ROM GP KO 9-16"]
[Site "Alba Iulia"]
[Date "2024.11.26"]
[Round "1.1"]
[White "Dragomirescu, Angela"]
[Black "Manolache, Marius"]
[Result "0-1"]
[WhiteElo "2060"]
[BlackElo "2407"]
[PlyCount "50"]
[EventDate "2024.11.26"]
[EventType "k.o. (rapid)"]
[EventRounds "3"]
[EventCountry "ROU"]
[SourceTitle "CB49_2024"]
[SourceDate "2024.12.04"]
[SourceVersion "1"]
[SourceVersionDate "2024.12.04"]
[SourceQuality "1"]

1. d4 Nf6 2. Nc3 d6 3. Bf4 g6 4. e3 Bg7 5. h4 h6 6. Bc4 c6 7. Qf3 d5 8. Bd3 Be6 9. h5 g5 10. Be5 Nbd7 11. Qg3 Nxe5 12. dxe5 Ng4 13. f4 Nxe3 14. Qxe3 d4 15. Qg3 dxc3 16. bxc3 Qa5 17. Ne2 0-0-0 18. 0-0 gxf4 19. Nxf4 Bxe5 20. Rab1 Qc5+ 21. Qf2 Qxf2+ 22. Rxf2 Bg4 23. Rb3 Bc7 24. Ne2 Bb6 25. Nd4 e5 0-1

[Event "Alba Iulia Final ROM GP Gp-B"]
[Site "Alba Iulia"]
[Date "2024.11.25"]
[Round "4"]
[White "Gavrilescu, David"]
[Black "Manolache, Marius"]
[Result "1-0"]
[WhiteElo "2545"]
[BlackElo "2407"]
[PlyCount "61"]
[EventDate "2024.11.25"]
[EventType "tourn (rapid)"]
[EventRounds "6"]
[EventCountry "ROU"]
[EventCategory "6"]
[SourceTitle "CB49_2024"]
[SourceDate "2024.12.04"]
[SourceVersion "1"]
[SourceVersionDate "2024.12.04"]
[SourceQuality "1"]

1. e4 e6 2. d4 d5 3. e5 c5 4. c3 Nc6 5. Nf3 Qb6 6. Be2 cxd4 7. cxd4 Bd7 8. 0-0 Nge7 9. Nc3 Nf5 10. Na4 Qd8 11. a3 Be7 12. Kh1 0-0 13. g4 Nh6 14. Bxh6 gxh6 15. Rg1 Kh8 16. Nc5 Bxc5 17. dxc5 Rg8 18. Qd2 Qf8 19. b4 Ne7 20. Qf4 h5 21. g5 Qg7 22. Rae1 b6 23. Qd4 Ng6 24. Bd3 bxc5 25. bxc5 Rab8 26. Rb1 Bc6 27. a4 Rbc8 28. Rg3 Rb8 29. Rgg1 Ne7 30. Rxb8 Rxb8 31. Rb1 1-0

[Event "Alba Iulia Final ROM GP Gp-B"]
[Site "Alba Iulia"]
[Date "2024.11.25"]
[Round "1"]
[White "Manolache, Marius"]
[Black "Gavrilescu, David"]
[Result "1/2-1/2"]
[WhiteElo "2407"]
[BlackElo "2545"]
[PlyCount "66"]
[EventDate "2024.11.25"]
[EventType "tourn (rapid)"]
[EventRounds "6"]
[EventCountry "ROU"]
[EventCategory "6"]
[SourceTitle "CB49_2024"]
[SourceDate "2024.12.04"]
[SourceVersion "1"]
[SourceVersionDate "2024.12.04"]
[SourceQuality "1"]

1. Nf3 d5 2. e3 Nf6 3. b3 e6 4. Bb2 Bd6 5. c4 c5 6. Be2 0-0 7. 0-0 Nc6 8. d4 cxd4 9. cxd5 exd5 10. Nxd4 Re8 11. Nd2 Bc7 12. Rc1 Qd6 13. g3 a6 14. Qc2 Bh3 15. Rfd1 Bb6 16. Nxc6 Rac8 17. Qd3 Rxc6 18. Nc4 Qe6 19. Nxb6 Rxc1 20. Rxc1 Qxb6 21. Qd4 Qe6 22. Bd3 h5 23. Qf4 Ne4 24. Bxe4 Qxe4 25. Qxe4 dxe4 26. Rc5 Bg4 27. Bd4 f6 28. Kf1 Re7 29. Ke1 Kf7 30. Kd2 Rd7 31. Kc3 Ke6 32. h4 Kd6 33. Kb4 Rc7 1/2-1/2

[Event "Arad op 17th"]
[Site "Arad"]
[Date "2024.08.10"]
[Round "8"]
[White "Santos Latasa, Jaime"]
[Black "Manolache, Marius"]
[Result "1-0"]
[WhiteElo "2624"]
[BlackElo "2398"]
[PlyCount "113"]
[EventDate "2024.08.05"]
[EventType "swiss"]
[EventRounds "9"]
[EventCountry "ROU"]
[SourceTitle "CBM 221 Extra"]
[Source "ChessBase"]
[SourceDate "2024.09.30"]
[SourceVersion "1"]
[SourceVersionDate "2024.09.30"]
[SourceQuality "1"]

1. e4 c5 2. Nf3 e6 3. d4 cxd4 4. Nxd4 Nc6 5. Nc3 Qc7 6. Be3 a6 7. Qf3 Nf6 8. 0-0-0 h5 9. Nxc6 bxc6 10. h3 Bb7 11. Bf4 d6 12. Bc4 Nd7 13. Rd2 Rd8 14. Rhd1 Nb6 15. Bf1 Rd7 16. h4 e5 17. Be3 Be7 18. g3 Rd8 19. Bxb6 Qxb6 20. Bc4 0-0 21. Qxh5 Rb8 22. Bb3 Bc8 23. g4 Be6 24. g5 g6 25. Qf3 Bxb3 26. axb3 Qa5 27. Kb1 Qc7 28. h5 Rbd8 29. Rd3 Kg7 30. Rg1 Qc8 31. Nd1 Qe6 32. Ne3 Rh8 33. h6+ Kh7 34. Nc4 Rhf8 35. Rgd1 f6 36. gxf6 Rxf6 37. Qe3 Rdf8 38. Qa7 R8f7 39. Qxa6 d5 40. exd5 cxd5 41. Qxe6 Rxe6 42. Rxd5 Rxf2 43. Rxe5 Re2 44. Rxe6 Rxe6 45. c3 g5 46. b4 Kxh6 47. b5 Bc5 48. b4 Ba7 49. b6 Bxb6 50. Nxb6 Rxb6 51. Kc2 g4 52. Kb3 g3 53. c4 g2 54. Rg1 Rg6 55. b5 Kg7 56. c5 Rg5 57. b6 1-0

[Event "Arad op 17th"]
[Site "Arad"]
[Date "2024.08.07"]
[Round "4"]
[White "Stocek, Jiri"]
[Black "Manolache, Marius"]
[Result "1-0"]
[WhiteElo "2534"]
[BlackElo "2398"]
[PlyCount "105"]
[EventDate "2024.08.05"]
[EventType "swiss"]
[EventRounds "9"]
[EventCountry "ROU"]
[SourceTitle "CBM 221 Extra"]
[Source "ChessBase"]
[SourceDate "2024.09.30"]
[SourceVersion "1"]
[SourceVersionDate "2024.09.30"]
[SourceQuality "1"]

1. d4 Nf6 2. c4 e6 3. Nf3 d5 4. Nc3 Bb4 5. cxd5 exd5 6. Bg5 h6 7. Bh4 0-0 8. Qc2 Be6 9. e3 Nbd7 10. Bd3 a6 11. 0-0 Be7 12. a3 c6 13. b4 Ne8 14. Bg3 Nb6 15. Ne5 Nd6 16. a4 Ne4 17. Nxe4 dxe4 18. Bxe4 Bxb4 19. a5 Nd5 20. Rfb1 Rc8 21. Nd3 f5 22. Bf3 Qe7 23. Nxb4 Nxb4 24. Qc5 Qxc5 25. dxc5 Nd5 26. Rxb7 Rf7 27. Rab1 Nc3 28. R1b6 Ne4 29. Rxf7 Kxf7 30. Rxa6 Bc4 31. Ra7+ Kf6 32. Bd6 Bb5 33. Be7+ Ke6 34. Bh5 Nf6 35. Bd1 Bc4 36. Bd6 Ne8 37. g4 Nxd6 38. cxd6 Rb8 39. gxf5+ Kxd6 40. Bf3 Rb5 41. Rxg7 Rxf5 42. Rg6+ Ke7 43. Rxc6 Bb5 44. Rb6 Bd3 45. Rb7+ Kf8 46. Rb3 Ba6 47. Rb6 Rg5+ 48. Kh1 Bf1 49. Rxh6 Rxa5 50. h4 Rf5 51. Kg1 Bh3 52. Bg2 Bg4 53. Rg6 1-0

[Event "Timisoara Foisor Memorial Rapid"]
[Site "Timisoara"]
[Date "2024.08.03"]
[Round "4"]
[White "Muntean, Victor"]
[Black "Manolache, Marius"]
[Result "0-1"]
[WhiteElo "2117"]
[BlackElo "2398"]
[PlyCount "90"]
[EventDate "2024.08.03"]
[EventType "swiss (rapid)"]
[EventRounds "9"]
[EventCountry "ROU"]
[SourceTitle "CBM 221 Extra"]
[Source "ChessBase"]
[SourceDate "2024.09.30"]
[SourceVersion "1"]
[SourceVersionDate "2024.09.30"]
[SourceQuality "1"]

1. e4 c5 2. c3 Nf6 3. e5 Nd5 4. Nf3 d6 5. Na3 e6 6. g3 Nc6 7. Qe2 Be7 8. Bg2 dxe5 9. Nxe5 Nxe5 10. Qxe5 0-0 11. 0-0 a6 12. Nc2 b5 13. d4 Bf6 14. Qe4 cxd4 15. Nxd4 Bb7 16. Qg4 Qb6 17. Rd1 Rad8 18. Bg5 Bxg5 19. Qxg5 h6 20. Qe5 Nf6 21. Rd2 Bxg2 22. Kxg2 Rd5 23. Qe2 Rfd8 24. Rad1 b4 25. f3 bxc3 26. bxc3 a5 27. a4 Qc5 28. Nb5 g5 29. Rd4 Qc6 30. h3 Rxd4 31. Rxd4 Rxd4 32. cxd4 Nd5 33. Qd2 Qc4 34. Qxa5 Qe2+ 35. Kg1 Ne3 36. Qa8+ Kg7 37. f4 Qe1+ 38. Kh2 Qf2+ 39. Kh1 g4 40. Nd6 Qf1+ 41. Kh2 Qxh3+ 42. Kg1 Qxg3+ 43. Kh1 Qh3+ 44. Kg1 Qf1+ 45. Kh2 Qxf4+ 0-1

[Event "Titled Tuesday intern op 09th Jul Early"]
[Site "Chess.com INT"]
[Date "2024.07.09"]
[Round "3"]
[White "Bulatova, Kamaliya"]
[Black "Manolache, Marius"]
[Result "0-1"]
[WhiteElo "2091"]
[BlackElo "2388"]
[PlyCount "102"]
[EventDate "2024.07.09"]
[EventType "swiss (blitz)"]
[EventRounds "11"]
[EventCountry "USA"]
[SourceTitle "EXT 2025"]
[Source "ChessBase"]
[SourceDate "2024.10.14"]
[SourceVersion "1"]
[SourceVersionDate "2024.10.14"]
[SourceQuality "1"]

1. d4 Nf6 2. Bf4 g6 3. Nc3 d5 4. h4 h5 5. Nf3 Bg7 6. e3 Bg4 7. Be2 Bxf3 8. Bxf3 c6 9. Qd3 Nbd7 10. 0-0-0 b5 11. Rdg1 Qa5 12. Kb1 b4 13. Ne2 c5 14. dxc5 Nxc5 15. Qd1 Nce4 16. Qe1 Rc8 17. Be5 Qc5 18. Nd4 0-0 19. Qe2 Ng4 20. Bxg7 Kxg7 21. Bxg4 hxg4 22. h5 e5 23. Nb3 Qc4 24. Qxc4 dxc4 25. Nc1 Nxf2 26. Rh4 g5 27. h6+ Kg6 28. Rh2 g3 29. Rh3 Nxh3 30. gxh3 f5 31. Rxg3 f4 32. exf4 exf4 33. Rf3 Rce8 34. c3 bxc3 35. bxc3 Re3 36. Rf1 Rxh3 37. Ne2 f3 38. Nd4 f2 39. Kc2 Rg3 40. Ne2 Re3 41. Kd2 Rd3+ 42. Kc2 g4 43. h7 Kxh7 44. Rh1+ Kg6 45. Rf1 g3 46. Nc1 Re3 47. Kd2 Re5 48. Ne2 Rd8+ 49. Kc2 Rxe2+ 50. Kc1 Re1+ 51. Rxe1 fxe1Q+ 0-1

[Event "Titled Tuesday intern op 18th Jun Late"]
[Site "Chess.com INT"]
[Date "2024.06.18"]
[Round "4"]
[White "Manolache, Marius"]
[Black "Hossain, Enamul"]
[Result "0-1"]
[WhiteElo "2388"]
[BlackElo "2365"]
[PlyCount "68"]
[EventDate "2024.06.18"]
[EventType "swiss (blitz)"]
[EventRounds "11"]
[EventCountry "USA"]
[SourceTitle "EXT 2025"]
[Source "ChessBase"]
[SourceDate "2024.10.14"]
[SourceVersion "1"]
[SourceVersionDate "2024.10.14"]
[SourceQuality "1"]

1. e4 c5 2. Nc3 a6 3. g3 b5 4. Bg2 Bb7 5. d3 e6 6. Nh3 d5 7. exd5 Nf6 8. 0-0 b4 9. Ne4 Nxd5 10. Bg5 Qb6 11. Nd2 h6 12. Nc4 Qc7 13. Bd2 Be7 14. Nf4 Nf6 15. Nh5 Bxg2 16. Kxg2 Nxh5 17. Qxh5 Nd7 18. a3 0-0 19. axb4 cxb4 20. Qf3 b3 21. cxb3 Rab8 22. Rxa6 Rxb3 23. Rfa1 Bc5 24. Rc6 Qb8 25. Bc3 Bb4 26. Bxb4 Qxb4 27. Rc7 Nf6 28. Raa7 Qe1 29. h3 Qb1 30. Ne5 Rxb2 31. Nxf7 Nd5 32. Rd7 Kh7 33. Qg4 Qxd3 34. Ne5 Rbxf2+ 0-1